| 000 | 00452nam a2200193Ia 4500 | ||
|---|---|---|---|
| 008 | 210210b1956 xxu||||| |||| 00| 0 eng d | ||
| 041 | _aeng | ||
| 082 | _a824/302 | ||
| 100 | _aSISSON (C J) | ||
| 245 | _aNew readings in Shakespeare I | ||
| 260 |
_aCambridge _bAt the University Press _c1956 |
||
| 650 | _aShakespeare | ||
| 650 | _areadings | ||
| 650 | _aNew | ||
| 650 | _ain | ||
| 650 | _aI | ||
| 690 | _aEnglish Criticism | ||
| 906 | _a014252 | ||
| 999 |
_c133395 _d133395 |
||